Riverdale - Statistiques

Statistiques générales
  • Ce quiz a été pris 925 fois
  • Le résultat moyen est 10 sur 15
Statistiques - réponses
Questions Réponses % Correct
Qui devait aller dans un placard avec Archie lors d'une soirée ? Veronica Lodge
97%
Quel est nom de la fille de la cagoule noir ( la plus jeune ) ? Betty Cooper
96%
Quel est le nom de la fille qui a perdu son frère jumeau ? Cheryl Blossom
90%
Qui Toni a-t-elle embrassé pour la première fois dans la série ? Jughead Jones
79%
Quel personnage a été tué par son père ? Jason Blossom
78%
Qui est la cagoule noir ? Hal Cooper
75%
Qui est le propriétaire de la salle de boxe d'Hiram Lodge ? Archie Andrews
73%
Qui est la femme infiltrée dans la ferme par le FBI ? Alice Cooper
66%
De qui moose était secrètement amoureux ? Kevin Keller
62%
Qui est devenu le sherif de la ville dans la saison 3 ? FP Jones
60%
Qui est la chef des Pretty Poisons ? Toni Topaz
59%
Quel personnage meurt au début de la saison 4 ? Fred Andrews
55%
Qui est la chef des Pussycats ? Josie McCoy
51%
Quel personnage se prostitue ? Penelope Blossom
41%
Pour qui se faisait passer le roi des gargouilles ? Charles Cooper
7%
Aucun quiz correspondant
Distribution des résultats
% des personnes avec chaque résultat
Percentile par nombre de réponses
Votre historique - résultats
Vous n’avez pas pris ce quiz